| 000 | 00467nam a2200181Ia 4500 | ||
|---|---|---|---|
| 005 | 20250423100435.0 | ||
| 008 | 250422s9999 xx 000 0 und d | ||
| 020 | _a9780198738381 | ||
| 050 | _aRC 952.55 .B69/ | ||
| 100 | _aBowker k. Lesley | ||
| 245 | 0 | _aOxford handbook of geriatric medicine | |
| 250 | _a3rd ed. | ||
| 260 | _aOxford | ||
| 260 | _bOxford University Press | ||
| 300 | _a734 p | ||
| 650 | _aGeriatrics--Handbooks, manuals, etc | ||
| 942 | _cBK | ||
| 999 |
_c33313 _d33313 |
||